000 00702nam a2200265Ia 4500
005 20260302114451.0
008 008 260114s9999 xx 000 0 eng d
020 _a9780755626366
037 _aTextbook
040 _aCRL
040 _beng
040 _cCRL
041 _2eng
041 _aeng
084 _qCRL
100 _aChris Steed
_91118856
245 2 _aA Question of Worth Economy, Society and the Quantification of Human Value
260 _bBloomsbury
260 _bI.B. Tauris
260 _c2016
650 _aPhilosophy
856 _uhttps://dx.doi.org/10.5040/9780755626366?locatt=label:secondary_bloomsburyCollections
942 _cEBOOK
999 _c1682657
_d1682657